Statistics for Quartermasters of the RMS Titanic

Click here to take the quiz!

General Stats

  • This quiz has been taken 13 times
  • The average score is 2 of 7

Answer Stats

FateAnswer% Correct
Boarded Collapsible CGeorge Rowe
73%
Boarded Lifeboat No. 6Robert Hichens
73%
Boarded Lifeboat No. 5Alfred Olliver
27%
Boarded Lifeboat No. 11Sidney Humphreys
18%
Boarded Collapsible DArthur Bright
9%
Boarded Lifeboat No. 9Walter Wynn
9%
Boarded Lifeboat No. 4Walter Perkis
0%

Score Distribution

Percentile by Number Answered

Percent of People with Each Score

Your Score History

You have not taken this quiz